000
00241nam a2200097Ia 4500
008
230907s9999||||xx |||||||||||||| ||und||
082
_a
620.00151
_b
JAM
245
0
_a
Advanced modern engineering mathematics /
300
_a
987 p.
942
_c
BK
999
_c
598564
_d
598564